000 00353nam a2200121Ia 4500
005 20251222143304.0
008 251222s9999||||xx |||||||||||||| ||spa||
082 _a306.42/V39
100 _aVega Sologuren, Gastón
245 0 _aLa Era de la Co-evolución del conocimiento y el Mundo Inteligente
264 _bBiblioteca Nacional del Perú
942 _cLIB
999 _c15433
_d15433